| 000 | 00707nam a2200229Ia 4500 | ||
|---|---|---|---|
| 003 | GCL | ||
| 008 | 140319s9999 xx 000 0 ara d | ||
| 040 |
_aGCL / _cGCL |
||
| 082 | 0 | 4 |
_a247 _bم ف |
| 100 | 1 | _aمحمود اسماعيل | |
| 245 | 1 | 0 |
_aفرق الشيعة : _bبين الدين والسياسة / _cمحمود اسماعيل |
| 250 | _aالاولى | ||
| 260 |
_aالقاهرة : _bرؤية للنشر والتوزيع ، _c2005 |
||
| 300 |
_a179 ص ؛ _c26 سم |
||
| 650 | 0 | 4 | _aالخوارج |
| 650 | 0 | 4 | _aالفرق الاسلامية |
| 650 | 0 | 4 | _aالشيعة |
| 650 | 0 | 4 | _aالزيدية |
| 650 | 0 | 4 | _aالاسماعيلية |
| 650 | 0 | 4 | _aالعلويون |
| 942 |
_2ddc _cBK |
||
| 999 |
_c33114 _d33114 |
||